[Event "Titled Tuesday intern op 16th Jan Early"]
[Site "Chess.com INT"]
[Date "2024.01.16"]
[Round "2"]
[White "Arshiya, Das"]
[Black "Dinu, Dumitru Daniel"]
[Result "1-0"]
[WhiteElo "1667"]
[BlackElo "2190"]
[PlyCount "93"]
[EventDate "2024.01.16"]
[EventType "swiss (blitz)"]
[EventRounds "11"]
[EventCountry "USA"]
[SourceTitle "CB04_2024"]
[SourceDate "2023.10.16"]
[SourceVersion "1"]
[SourceVersionDate "2023.10.16"]
[SourceQuality "1"]

1. Nf3 Nf6 2. g3 e6 3. Bg2 d5 4. 0-0 c5 5. d4 cxd4 6. Nxd4 e5 7. Nb3 Nc6 8. c4 Be6 9. Bg5 dxc4 10. Qxd8+ Rxd8 11. Bxc6+ bxc6 12. Na5 Bd5 13. Rc1 Be7 14. Nd2 Nd7 15. Bxe7 Kxe7 16. Ndxc4 Rb8 17. Ne3 Rb6 18. b3 Ke6 19. Rc2 Rd8 20. Rac1 Nb8 21. f3 f5 22. Kf2 h5 23. h4 f4 24. gxf4 exf4 25. Nxd5 cxd5 26. Rc7 Rd7 27. Rc8 Na6 28. R1c6+ Rd6 29. Rxd6+ Rxd6 30. a3 Kf7 31. b4 Re6 32. Nc6 g6 33. Nd8+ Ke7 34. Nxe6 Kxe6 35. Rc6+ Ke5 36. Rxa6 Kd4 37. Rxa7 Ke5 38. Rg7 Kf5 39. Rc7 Ke6 40. b5 Kd6 41. Rc1 d4 42. b6 Kd7 43. b7 d3 44. b8Q d2 45. Rc7+ Ke6 46. Qb6+ Kf5 47. Rc5# 1-0

[Event "Titled Tuesday intern op 16th Jan Early"]
[Site "Chess.com INT"]
[Date "2024.01.16"]
[Round "4"]
[White "Ezat, Mohamed Mahmoud"]
[Black "Arshiya, Das"]
[Result "1/2-1/2"]
[WhiteElo "2349"]
[BlackElo "1667"]
[PlyCount "144"]
[EventDate "2024.01.16"]
[EventType "swiss (blitz)"]
[EventRounds "11"]
[EventCountry "USA"]
[SourceTitle "CB04_2024"]
[SourceDate "2023.10.16"]
[SourceVersion "1"]
[SourceVersionDate "2023.10.16"]
[SourceQuality "1"]

1. e4 c5 2. d4 cxd4 3. c3 Nf6 4. e5 Nd5 5. Nf3 Nc6 6. Bc4 Nb6 7. Bb3 d5 8. 0-0 dxc3 9. Nxc3 e6 10. a4 a5 11. Nb5 Be7 12. Be3 Nd7 13. Bf4 Nc5 14. Bc2 Nb4 15. Rc1 Bd7 16. Nd6+ Bxd6 17. exd6 Nxc2 18. Qxc2 Ne4 19. Ne5 0-0 20. Rfd1 Nxd6 21. Qb3 Ne4 22. f3 Nf6 23. Bg5 Bc6 24. Ng4 Ra6 25. Bxf6 gxf6 26. Qe3 f5 27. Ne5 Qf6 28. f4 h6 29. b3 Kh7 30. Rc3 Rg8 31. Qd4 Qe7 32. Rh3 f6 33. Nf3 Raa8 34. Qf2 Rg4 35. Nd4 Rag8 36. g3 Bd7 37. Re1 Qd6 38. Kf1 e5 39. fxe5 fxe5 40. Nxf5 Qa6+ 41. Kg1 Rf8 42. Rxh6+ Qxh6 43. Nxh6 Rxf2 44. Nxg4 Rb2 45. Nxe5 Be8 46. Re3 d4 47. Rd3 b5 48. Rxd4 bxa4 49. bxa4 Rb4 50. Rxb4 axb4 51. a5 Bb5 52. Nf3 b3 53. Nd2 b2 54. Kf2 Bd3 55. Ke3 Ba6 56. Kd4 Kg6 57. Kc3 Kg5 58. Kxb2 Kg4 59. Kc3 Kh3 60. Kd4 Bc8 61. Nf3 Kg2 62. Ke3 Bb7 63. h4 Bxf3 64. a6 Kxg3 65. h5 Bxh5 66. a7 Bf3 67. Kd4 Ba8 68. Ke5 Bf3 69. Kd6 Bg2 70. Kc7 Bf3 71. Kb8 Bg2 72. a8Q Bxa8 1/2-1/2

[Event "IND-ch U15 Girls 39th"]
[Site "Jalgaon"]
[Date "2024.01.02"]
[Round "9"]
[White "Krishika, Garg"]
[Black "Arshiya, Das"]
[Result "0-1"]
[WhiteElo "1529"]
[BlackElo "1729"]
[PlyCount "110"]
[EventDate "2023.12.27"]
[EventType "swiss"]
[EventRounds "11"]
[EventCountry "IND"]
[SourceTitle "CB02_2024"]
[SourceDate "2024.01.10"]
[SourceVersion "1"]
[SourceVersionDate "2024.01.10"]
[SourceQuality "1"]

1. e4 c5 2. Nf3 d6 3. Bb5+ Bd7 4. c4 a6 5. Bxd7+ Nxd7 6. Nc3 Ngf6 7. d4 cxd4 8. Nxd4 g6 9. 0-0 Bg7 10. b3 0-0 11. Bb2 Ne5 12. Qe2 Rc8 13. Rfd1 Qa5 14. Rac1 Rfe8 15. Rc2 Nfd7 16. Nd5 Nb8 17. b4 Qd8 18. c5 Ned7 19. cxd6 exd6 20. Rxc8 Qxc8 21. Rc1 Qd8 22. f3 Nb6 23. Qf2 Nxd5 24. exd5 Qb6 25. Bc3 Nd7 26. a4 Ne5 27. a5 Qa7 28. Rd1 Rc8 29. Ne2 Qb8 30. Bxe5 Bxe5 31. f4 Bg7 32. Rc1 Rxc1+ 33. Nxc1 Qc7 34. Qe1 Bc3 35. Qe8+ Kg7 36. Ne2 Bxb4 37. h3 Qc5+ 38. Kh2 Qxd5 39. Ng3 Bxa5 40. Qe7 Bd2 41. f5 Qe5 42. f6+ Qxf6 43. Qxf6+ Kxf6 44. Ne4+ Ke5 45. Nxd2 b5 46. Nb3 Kd5 47. Kg3 Kc4 48. Na5+ Kc3 49. Nb7 b4 50. Nxd6 b3 51. Ne4+ Kc2 52. Nd6 b2 53. Nc4 b1Q 54. Na3+ Kb2 55. Nxb1 Kxb1 0-1

[Event "IND-ch U15 Girls 39th"]
[Site "Jalgaon"]
[Date "2023.12.30"]
[Round "5"]
[White "Aditi, Arun"]
[Black "Arshiya, Das"]
[Result "0-1"]
[WhiteElo "1447"]
[BlackElo "1729"]
[PlyCount "110"]
[EventDate "2023.12.27"]
[EventType "swiss"]
[EventRounds "11"]
[EventCountry "IND"]
[SourceTitle "CB02_2024"]
[SourceDate "2024.01.10"]
[SourceVersion "1"]
[SourceVersionDate "2024.01.10"]
[SourceQuality "1"]

1. e4 g6 2. d4 Bg7 3. f4 d6 4. c3 a6 5. Nf3 b6 6. Be3 Bb7 7. Nbd2 e6 8. Qc2 Ne7 9. Be2 Nd7 10. 0-0 h6 11. b4 0-0 12. Nb3 Kh7 13. Bd3 f5 14. Rae1 Qe8 15. Bd2 Qf7 16. e5 dxe5 17. fxe5 Kh8 18. Re2 g5 19. Ref2 g4 20. Ne1 Ng6 21. g3 Qe7 22. Qc1 Kh7 23. Ng2 Rfc8 24. Nf4 Nxf4 25. Rxf4 h5 26. R4f2 Nf8 27. Re1 Ng6 28. Bg5 Qd7 29. Bf1 Nh8 30. Bg2 Bxg2 31. Rxg2 Nf7 32. Bf4 Rg8 33. Qe3 Bh6 34. Bxh6 Nxh6 35. Nc1 Nf7 36. Ne2 Ng5 37. Rf1 Nh3+ 38. Kh1 Qb5 39. Rc1 Qe8 40. Nf4 Ng5 41. d5 Rd8 42. Rd1 exd5 43. Nxd5 Ne4 44. Qf4 Qe6 45. Rgd2 Nxd2 46. Nf6+ Kg6 47. Nxg8 Qd5+ 48. Kg1 Nf3+ 49. Kf2 Qxa2+ 50. Ke3 Qxg8 51. Rxd8 Qxd8 52. Ke2 Qd5 53. Qe3 Qxe5 54. Kf2 Qxe3+ 55. Kxe3 Nxh2 0-1

[Event "IND-ch U15 Girls 39th"]
[Site "Jalgaon"]
[Date "2023.12.27"]
[Round "1"]
[White "Ananya, Manisundaram"]
[Black "Arshiya, Das"]
[Result "0-1"]
[WhiteElo "1250"]
[BlackElo "1729"]
[PlyCount "64"]
[EventDate "2023.12.27"]
[EventType "swiss"]
[EventRounds "11"]
[EventCountry "IND"]
[SourceTitle "CB02_2024"]
[SourceDate "2024.01.10"]
[SourceVersion "1"]
[SourceVersionDate "2024.01.10"]
[SourceQuality "1"]

1. e4 c5 2. Nf3 d6 3. d4 cxd4 4. Nxd4 Nf6 5. Nc3 a6 6. Bg5 Nbd7 7. Bc4 Qc7 8. Bb3 e6 9. Qd2 b5 10. f3 Bb7 11. 0-0-0 Nc5 12. Bxf6 gxf6 13. Kb1 0-0-0 14. a4 b4 15. Na2 a5 16. Nb5 Qb6 17. Qe3 Nxa4 18. Qe2 Nc5 19. Bc4 Kb8 20. Nc1 Bh6 21. Nb3 Nxb3 22. cxb3 Rhe8 23. g3 d5 24. Bd3 dxe4 25. fxe4 f5 26. exf5 exf5 27. Qc2 Rc8 28. Bc4 Be4 29. Rd3 Bxh1 30. Nd6 Re1+ 31. Ka2 Qg1 32. Nxc8 Ra1# 0-1

[Event "Titled Tuesday intern op 19th Dec Early"]
[Site "Chess.com INT"]
[Date "2023.12.19"]
[Round "2"]
[White "Nilsen, Tobias Lang"]
[Black "Arshiya, Das"]
[Result "1-0"]
[WhiteElo "2207"]
[BlackElo "1729"]
[PlyCount "47"]
[EventDate "2023.12.19"]
[EventType "swiss (blitz)"]
[EventRounds "11"]
[EventCountry "USA"]
[SourceTitle "CB52_2023"]
[SourceDate "2023.12.27"]
[SourceVersion "1"]
[SourceVersionDate "2023.12.27"]
[SourceQuality "1"]

1. e4 c5 2. Nf3 d6 3. Bb5+ Bd7 4. Bxd7+ Qxd7 5. 0-0 Nc6 6. c3 Nf6 7. Re1 e6 8. d4 cxd4 9. cxd4 d5 10. e5 Ne4 11. Nbd2 Nxd2 12. Bxd2 Be7 13. Re3 Rc8 14. a3 0-0 15. Bc3 a6 16. Ne1 b5 17. Qh5 b4 18. axb4 Nxb4 19. Rh3 h6 20. Rg3 Kh7 21. Bd2 Rh8 22. Bxh6 Kg8 23. Rxg7+ Kf8 24. Qxf7# 1-0

[Event "Titled Tuesday intern op 14th Nov Early"]
[Site "Chess.com INT"]
[Date "2023.11.14"]
[Round "2"]
[White "Arhan, Chethan Anand"]
[Black "Arshiya, Das"]
[Result "1-0"]
[WhiteElo "2378"]
[BlackElo "1808"]
[PlyCount "103"]
[EventDate "2023.11.14"]
[EventType "swiss (blitz)"]
[EventRounds "11"]
[EventCountry "USA"]
[SourceTitle "CB47_2023"]
[SourceDate "2023.11.22"]
[SourceVersion "1"]
[SourceVersionDate "2023.11.22"]
[SourceQuality "1"]

1. c4 e5 2. g3 d6 3. Bg2 f5 4. Nc3 Nf6 5. e3 Be6 6. d3 Be7 7. Bxb7 Nbd7 8. Nge2 Rb8 9. Bg2 0-0 10. b3 Nb6 11. d4 e4 12. 0-0 Nbd7 13. d5 Bf7 14. Nd4 Ne5 15. Nxf5 Bg6 16. Nd4 Qd7 17. Ne6 Bh5 18. Qc2 Nf3+ 19. Kh1 Bg6 20. Ne2 Bf5 21. Bxf3 exf3 22. Qxf5 Rf7 23. Qxf3 c6 24. N2f4 cxd5 25. cxd5 Rb5 26. e4 Ne8 27. Bb2 Bf6 28. Bxf6 Rxf6 29. Rac1 Ra5 30. Rc2 h6 31. Rfc1 g5 32. Qh5 gxf4 33. gxf4 Rxe6 34. Qg4+ Kf8 35. Qxe6 Qxe6 36. dxe6 Ke7 37. f5 Re5 38. f3 Nf6 39. Rc7+ Ke8 40. Rc8+ Ke7 41. R1c7+ Nd7 42. Rxd7+ Kf6 43. Rf7+ Kg5 44. e7 Kf4 45. e8Q Rxe8 46. Rxe8 Kxf3 47. e5 Ke3 48. exd6+ Kd2 49. d7 Kc2 50. d8Q Kb2 51. Re2+ Ka3 52. Qa5# 1-0

[Event "Titled Tuesday intern op 14th Nov Early"]
[Site "Chess.com INT"]
[Date "2023.11.14"]
[Round "3"]
[White "Arshiya, Das"]
[Black "Grunberg, Mihai Lucian"]
[Result "0-1"]
[WhiteElo "1808"]
[BlackElo "2403"]
[PlyCount "126"]
[EventDate "2023.11.14"]
[EventType "swiss (blitz)"]
[EventRounds "11"]
[EventCountry "USA"]
[SourceTitle "CB47_2023"]
[SourceDate "2023.11.22"]
[SourceVersion "1"]
[SourceVersionDate "2023.11.22"]
[SourceQuality "1"]

1. e4 c5 2. Nf3 Nc6 3. d3 d5 4. Nbd2 Nf6 5. g3 dxe4 6. dxe4 g6 7. Bg2 Bg7 8. 0-0 0-0 9. c3 b6 10. Qc2 Ba6 11. Re1 Bd3 12. Qd1 c4 13. Bf1 b5 14. Bxd3 Qxd3 15. Qe2 Rfd8 16. Qxd3 Rxd3 17. Kg2 Rad8 18. Nf1 Ng4 19. Bf4 a5 20. h3 Nge5 21. Bxe5 Nxe5 22. Nxe5 Bxe5 23. Re2 b4 24. cxb4 axb4 25. Rc1 c3 26. bxc3 bxc3 27. Rec2 g5 28. Ne3 e6 29. Nc4 Bd4 30. Na3 Rb8 31. Nb1 Rb2 32. Rxb2 cxb2 33. Re1 Kg7 34. Kf1 Rf3 35. Re2 h5 36. Rd2 e5 37. Kg2 g4 38. hxg4 hxg4 39. Rc2 Rd3 40. Rd2 Rf3 41. Rc2 Kf6 42. a4 Ke6 43. a5 Rb3 44. a6 Rb6 45. a7 Ra6 46. Rc6+ Rxc6 47. a8Q Rc2 48. Qd5+ Kf6 49. Qd6+ Kg7 50. Qd7 Rxf2+ 51. Kh1 Rc2 52. Qxg4+ Kf8 53. Qg5 Ke8 54. Qg8+ Ke7 55. Qa8 Rc1+ 56. Kg2 Rxb1 57. Qb7+ Kf6 58. Qc6+ Kg7 59. Qd6 Rg1+ 60. Kh3 b1Q 61. Qe7 Rh1+ 62. Kg4 Qxe4+ 63. Kg5 Be3# 0-1

[Event "Titled Tuesday intern op 14th Nov Early"]
[Site "Chess.com INT"]
[Date "2023.11.14"]
[Round "5"]
[White "Herman, Daniel"]
[Black "Arshiya, Das"]
[Result "1-0"]
[WhiteElo "1927"]
[BlackElo "1808"]
[PlyCount "93"]
[EventDate "2023.11.14"]
[EventType "swiss (blitz)"]
[EventRounds "11"]
[EventCountry "USA"]
[SourceTitle "CB47_2023"]
[SourceDate "2023.11.22"]
[SourceVersion "1"]
[SourceVersionDate "2023.11.22"]
[SourceQuality "1"]

1. e4 c5 2. Nf3 d6 3. d4 cxd4 4. Nxd4 Nf6 5. Nc3 a6 6. h3 h5 7. Bg5 Nbd7 8. f4 g6 9. Qe2 Bg7 10. e5 dxe5 11. fxe5 Ng8 12. e6 Bxd4 13. exf7+ Kxf7 14. Qc4+ Ke8 15. Qxd4 Ndf6 16. Qe5 Qd6 17. Qxd6 exd6 18. 0-0-0 Kd7 19. Bd3 Nh7 20. Bf4 Ne7 21. Be4 Ke8 22. Bxd6 Bf5 23. Bxb7 Ra7 24. Bf3 Ng5 25. Be2 Ne4 26. Nxe4 Bxe4 27. Rhe1 Kf8 28. Bc4 Bf5 29. Bxe7+ Rxe7 30. Rd8+ Kg7 31. Rxe7+ Kf6 32. Rf7+ Kg5 33. Rxh8 Kh4 34. Rxf5 Kg3 35. Rg5+ Kh2 36. g4 h4 37. Rxh4 Kg3 38. Rh8 Kg2 39. Rf8 Kxh3 40. Re5 Kxg4 41. Be2+ Kg3 42. Re4 Kg2 43. Rf3 Kg1 44. Bd3 Kh2 45. Re2+ Kg1 46. Rd2 Kh1 47. Rf1# 1-0

[Event "Agartala Dutta Memorial 3rd"]
[Site "Agartala"]
[Date "2023.11.01"]
[Round "1"]
[White "Mohit, Das"]
[Black "Arshiya, Das"]
[Result "0-1"]
[WhiteElo "1055"]
[BlackElo "1808"]
[PlyCount "74"]
[EventDate "2023.11.01"]
[EventType "swiss"]
[EventRounds "10"]
[EventCountry "IND"]
[SourceTitle "CB46_2023"]
[SourceDate "2023.11.15"]
[SourceVersion "1"]
[SourceVersionDate "2023.11.15"]
[SourceQuality "1"]

1. c4 e5 2. Nc3 Nf6 3. g3 d6 4. Bg2 Be7 5. d3 c6 6. Nf3 h6 7. Bd2 Be6 8. 0-0 Nbd7 9. a3 0-0 10. b4 Rc8 11. b5 d5 12. bxc6 bxc6 13. cxd5 cxd5 14. d4 e4 15. Ne1 Nb6 16. f3 Nc4 17. fxe4 dxe4 18. Nc2 Nxd2 19. Qxd2 Qc7 20. Nxe4 Qxc2 21. Qxc2 Rxc2 22. Nxf6+ Bxf6 23. e3 Bg5 24. Rfe1 Rc3 25. Kh1 Rxe3 26. d5 Rxe1+ 27. Rxe1 Bf5 28. d6 Rd8 29. Rd1 Bf6 30. Bc6 Bd7 31. Be4 Ba4 32. Rd2 Bc3 33. Rd3 Bc2 34. Rxc3 Bxe4+ 35. Kg1 Rxd6 36. Rc8+ Kh7 37. Rc7 Ra6 0-1

[Event "Bhubaneswar op-A 14th"]
[Site "Bhubaneswar"]
[Date "2023.06.18"]
[Round "10"]
[White "Reyan, Md"]
[Black "Arshiya, Das"]
[Result "1-0"]
[WhiteElo "1875"]
[BlackElo "1622"]
[PlyCount "89"]
[EventDate "2023.06.11"]
[EventType "swiss"]
[EventRounds "10"]
[EventCountry "IND"]
[SourceTitle "CBM 214 Extra"]
[Source "ChessBase"]
[SourceDate "2023.07.31"]
[SourceVersion "1"]
[SourceVersionDate "2023.07.31"]
[SourceQuality "1"]

1. e4 c5 2. Nc3 d6 3. f4 g6 4. Nf3 Bg7 5. Bc4 Nc6 6. 0-0 Nf6 7. d3 0-0 8. Qe1 Nd4 9. Bb3 a5 10. Qh4 Bd7 11. f5 e6 12. Bg5 a4 13. Nxd4 cxd4 14. e5 dxc3 15. exf6 Bh8 16. fxg6 Qb6+ 17. Kh1 hxg6 18. Rf3 e5 19. Bd5 cxb2 20. Rb1 Qd4 21. Qxd4 exd4 22. Rxb2 Rfe8 23. h4 Bc6 24. Bxc6 bxc6 25. Rb6 c5 26. Rf2 Rab8 27. Rxb8 Rxb8 28. Re2 d5 29. Re5 Rd8 30. a3 Kf8 31. g4 Kg8 32. Re7 Rd6 33. Bf4 Re6 34. g5 Kf8 35. Rb7 Kg8 36. Rb8+ Kh7 37. Rf8 Re1+ 38. Kg2 Re2+ 39. Kf3 Rxc2 40. Rxf7+ Kg8 41. Rc7 c4 42. f7+ Kg7 43. Be5+ Kf8 44. Bd6+ Kg7 45. f8Q# 1-0

[Event "Bhubaneswar op-A 14th"]
[Site "Bhubaneswar"]
[Date "2023.06.13"]
[Round "3"]
[White "Arshiya, Das"]
[Black "Shah, Jeet"]
[Result "0-1"]
[WhiteElo "1622"]
[BlackElo "1988"]
[PlyCount "108"]
[EventDate "2023.06.11"]
[EventType "swiss"]
[EventRounds "10"]
[EventCountry "IND"]
[SourceTitle "CBM 214 Extra"]
[Source "ChessBase"]
[SourceDate "2023.07.31"]
[SourceVersion "1"]
[SourceVersionDate "2023.07.31"]
[SourceQuality "1"]

1. e4 e5 2. Nf3 Nc6 3. Bb5 a6 4. Bxc6 dxc6 5. 0-0 Bg4 6. h3 h5 7. d3 Qf6 8. Nbd2 Ne7 9. Nc4 Bxf3 10. Qxf3 Qxf3 11. gxf3 Ng6 12. Rd1 c5 13. Be3 f6 14. Kf1 Bd6 15. Ke2 Kf7 16. Rg1 Nf8 17. Rab1 b5 18. Nd2 Ne6 19. Rbf1 g5 20. c3 a5 21. Nb1 f5 22. Na3 f4 23. Bc1 c6 24. Rd1 a4 25. Nc2 b4 26. a3 bxa3 27. bxa3 Rab8 28. Rg2 Rb3 29. Na1 Rb1 30. Nc2 Rhb8 31. Rdg1 R8b3 32. Kd2 Nf8 33. Rd1 Bc7 34. c4 Ba5+ 35. Ke2 Ne6 36. h4 Rc3 37. Bd2 Rxc2 38. Rxb1 Rxd2+ 39. Kf1 Nd4 40. Rb7+ Kg6 41. Rh2 Rxd3 42. Ra7 Nxf3 43. Rh3 Nd2+ 44. Kg2 f3+ 45. Kg1 Bc3 46. Rxa4 Nxe4 47. Ra6 Bd4 48. Rxc6+ Kf5 49. Kh2 Nxf2 50. Rg3 Ng4+ 51. Kh3 f2 52. Rxd3 f1Q+ 53. Kg3 Qf2+ 54. Kh3 Qh2# 0-1

[Event "IND-ch 59th"]
[Site "New Delhi"]
[Date "2022.12.29"]
[Round "8"]
[White "Arshiya, Das"]
[Black "Vivaan, Vishal Shah"]
[Result "0-1"]
[WhiteElo "1640"]
[BlackElo "1873"]
[PlyCount "114"]
[EventDate "2022.12.22"]
[EventType "swiss"]
[EventRounds "13"]
[EventCountry "IND"]
[SourceTitle "CBM 211 Extra"]
[Source "ChessBase"]
[SourceDate "2023.01.31"]
[SourceVersion "1"]
[SourceVersionDate "2023.01.31"]
[SourceQuality "1"]

1. e4 c5 2. Nf3 d6 3. d4 cxd4 4. Nxd4 Nf6 5. Nc3 g6 6. Be3 Bg7 7. f3 0-0 8. Qd2 Nc6 9. Bc4 Bd7 10. 0-0-0 Rc8 11. Bb3 Nxd4 12. Bxd4 b5 13. g4 a5 14. a3 b4 15. axb4 axb4 16. Na2 Be6 17. Bxe6 fxe6 18. Kb1 Nd7 19. Bxg7 Kxg7 20. h4 Qa5 21. Nxb4 Ra8 22. c3 Rxf3 23. h5 g5 24. h6+ Kg6 25. Qe2 Ne5 26. Rdf1 Rxf1+ 27. Rxf1 Nxg4 28. Rc1 Nf6 29. Qc4 Qe5 30. Nc6 Qxe4+ 31. Qxe4+ Nxe4 32. Nxe7+ Kxh6 33. Re1 Re8 34. Nc6 d5 35. Kc2 g4 36. Nd4 e5 37. Nf5+ Kg5 38. Ne3 Nf6 39. Kd3 h5 40. b4 h4 41. b5 h3 42. b6 Rb8 43. Rb1 h2 44. Rh1 g3 45. Ke2 d4 46. cxd4 exd4 47. Ng2 Rxb6 48. Ne1 Re6+ 49. Kf3 Re3+ 50. Kg2 Kg4 51. Rf1 Re2+ 52. Kh1 Rf2 53. Rxf2 gxf2 54. Nc2 f1Q+ 55. Kxh2 Qf2+ 56. Kh1 Kg3 57. Nxd4 Qf1# 0-1

[Event "IND-ch 59th"]
[Site "New Delhi"]
[Date "2022.12.26"]
[Round "5"]
[White "Arshiya, Das"]
[Black "Sarthak, Rawat"]
[Result "1/2-1/2"]
[WhiteElo "1640"]
[BlackElo "1863"]
[PlyCount "60"]
[EventDate "2022.12.22"]
[EventType "swiss"]
[EventRounds "13"]
[EventCountry "IND"]
[SourceTitle "CBM 211 Extra"]
[Source "ChessBase"]
[SourceDate "2023.01.31"]
[SourceVersion "1"]
[SourceVersionDate "2023.01.31"]
[SourceQuality "1"]

1. e4 c5 2. Nf3 Nc6 3. d4 cxd4 4. Nxd4 g6 5. Nc3 Bg7 6. Be3 Nf6 7. Bc4 0-0 8. Bb3 d6 9. f3 Na5 10. Qd2 Bd7 11. 0-0-0 Rc8 12. Kb1 Nc4 13. Bxc4 Rxc4 14. g4 h5 15. h3 b5 16. Rdg1 h4 17. Nf5 Bh8 18. Nxh4 Be6 19. Nf5 Nd7 20. Nd4 Ne5 21. f4 b4 22. Nce2 Nc6 23. Nxc6 Rxc6 24. Nd4 Bxd4 25. Bxd4 Bc4 26. Be3 Be6 27. Bd4 Bc4 28. Be3 Be6 29. Bd4 Bc4 30. Be3 Be6 1/2-1/2

[Event "IND-ch 59th"]
[Site "New Delhi"]
[Date "2022.12.22"]
[Round "1"]
[White "Arshiya, Das"]
[Black "Aradhya, Garg"]
[Result "1/2-1/2"]
[WhiteElo "1640"]
[BlackElo "2312"]
[PlyCount "84"]
[EventDate "2022.12.22"]
[EventType "swiss"]
[EventRounds "13"]
[EventCountry "IND"]
[SourceTitle "CBM 211 Extra"]
[Source "ChessBase"]
[SourceDate "2023.01.31"]
[SourceVersion "1"]
[SourceVersionDate "2023.01.31"]
[SourceQuality "1"]

1. e4 e5 2. Nf3 Nc6 3. Bb5 a6 4. Bxc6 dxc6 5. 0-0 f6 6. d4 Bg4 7. dxe5 Qxd1 8. Rxd1 fxe5 9. Nbd2 0-0-0 10. Re1 Bd6 11. h3 Bh5 12. Nh4 Ne7 13. Nc4 h6 14. Ne3 Be8 15. Nef5 Nxf5 16. Nxf5 Bb4 17. c3 Bf8 18. Be3 Rd3 19. Nh4 Be7 20. Nf3 Bf6 21. Nh2 h5 22. Nf3 h4 23. Nh2 a5 24. Ng4 a4 25. a3 Bf7 26. f3 b6 27. Rf1 Rh5 28. Rf2 Bg5 29. Bxg5 Rxg5 30. Kf1 c5 31. Ke1 Rh5 32. Kf1 Kb7 33. Re1 Bc4 34. Kg1 Ka6 35. Ne3 Be6 36. Rff1 Rd2 37. Rf2 Rd3 38. Rff1 c4 39. Kf2 Rh8 40. Rd1 Rhd8 41. Ke2 Rxd1 42. Rxd1 Rxd1 1/2-1/2

[Event "IND-ch U13 Girls 35th"]
[Site "Puducherry"]
[Date "2022.12.15"]
[Round "7"]
[White "Drishtee, Ghosh"]
[Black "Arshiya, Das"]
[Result "1-0"]
[WhiteElo "1277"]
[BlackElo "1640"]
[PlyCount "101"]
[EventDate "2022.12.11"]
[EventType "swiss"]
[EventRounds "11"]
[EventCountry "IND"]
[SourceTitle "EXT 2024"]
[Source "ChessBase"]
[SourceDate "2023.10.10"]
[SourceVersion "1"]
[SourceVersionDate "2023.10.10"]
[SourceQuality "1"]

1. e4 c5 2. Nf3 d6 3. d4 cxd4 4. Qxd4 Nc6 5. Bb5 Bd7 6. Bxc6 Bxc6 7. Nc3 Nf6 8. Bg5 e6 9. Qd3 Be7 10. Nd4 0-0 11. 0-0-0 Qa5 12. f4 Rfd8 13. h4 a6 14. g4 Qc7 15. Rhg1 b5 16. f5 Qc8 17. a3 Bb7 18. Rdf1 e5 19. Bxf6 Bxf6 20. Nf3 Rd7 21. Nd5 Bd8 22. g5 Qc4 23. Qxc4 bxc4 24. Rd1 Bc6 25. Rg2 Ba5 26. f6 Bd8 27. h5 g6 28. hxg6 fxg6 29. Ng1 Bxd5 30. Rxd5 Kf7 31. Rgd2 Bb6 32. Nf3 Be3 33. Nxe5+ Ke6 34. Nxd7 Bxd2+ 35. Kxd2 Kxd7 36. Kc3 Re8 37. Kd4 Kc6 38. e5 dxe5+ 39. Rxe5 Rh8 40. Kxc4 Kd6 41. Kd4 Kc6 42. Re6+ Kb7 43. Ke5 Kc7 44. f7 Kd7 45. Kf6 Rb8 46. Re7+ Kd6 47. Re8 Rxb2 48. f8Q+ Kd5 49. Rd8+ Kc4 50. Qf7+ Kc3 51. Qc7# 1-0

[Event "IND-ch U13 Girls 35th"]
[Site "Puducherry"]
[Date "2022.12.12"]
[Round "3"]
[White "Arshiya, Das"]
[Black "Pournami, S."]
[Result "1-0"]
[WhiteElo "1640"]
[BlackElo "1352"]
[PlyCount "93"]
[EventDate "2022.12.11"]
[EventType "swiss"]
[EventRounds "11"]
[EventCountry "IND"]
[SourceTitle "EXT 2024"]
[Source "ChessBase"]
[SourceDate "2023.10.10"]
[SourceVersion "1"]
[SourceVersionDate "2023.10.10"]
[SourceQuality "1"]

1. e4 c5 2. Nf3 d6 3. d4 cxd4 4. Nxd4 Nf6 5. Nc3 a6 6. f4 e6 7. Nf3 Nc6 8. Bd3 Be7 9. 0-0 0-0 10. Qe1 b5 11. a3 Bb7 12. Qg3 b4 13. Nd1 bxa3 14. bxa3 d5 15. exd5 Bc5+ 16. Kh1 Qxd5 17. Bb2 Nh5 18. Qh3 g6 19. Nc3 Qd8 20. Ne4 Be7 21. Neg5 Bf6 22. Bxf6 Nxf6 23. Rab1 Qe7 24. Nd2 Kg7 25. Nde4 h5 26. Nxf6 Kxf6 27. Be4 Kg7 28. Bxc6 Bxc6 29. Qc3+ Kg8 30. Qxc6 Qxa3 31. Ra1 Qe3 32. Qf3 Qc5 33. Rfc1 Rfd8 34. Ne4 Qc4 35. Nd2 Qb4 36. c3 Qb2 37. Ne4 Rab8 38. h3 a5 39. Qe3 Qb5 40. Ng5 a4 41. Qa7 Rb7 42. Qxa4 Qe2 43. Qa5 Rbd7 44. Qe5 Qd3 45. Ne4 Re7 46. Nf6+ Kf8 47. Nd5 1-0